01093nam a2200265 a 450000100060000000300080000600500170001400800410003102000160007203500190008804000350010704100080014208200380015011000630018824501550025124600790040626000470048530000240053249000310055650000320058765100640061965100830068370000300076683000310079665427BD-RjUL20211209081426.0170306s1952 pk ||||||||s|o00| 0 eng d c: PRs. 1.50 a(BD-RjUL)65557 aBD-RjULbengcBD-RjULdBD-RjUL aeng 223 a304.609549021bMUZ 1952 (VL)1 aPakistan.boffice of the Provincial Superintendent Census.10aCensus of Pakistan, 1951 :bVillage list : Muzaffargarh District /cPakistan. office of the Provincial Superintendent Census ; M. H. Mahmood , [comp.] aCensus of Pakistan, 1951 :bVillage list : Punjab : Muzaffargarh District. aKarachi:bManager of Publications,c[1952] aii, 53 p. ;c24 cm. aCensus 51 ; vNo. 30B (1). a" chiefly statistical data" aPakistanzWest PakistanzMuzaffargarh Districtvcensus,1951 aPakistanzWest PakistanzMuzaffargarh DistrictxPopulation vStatistics y1951 aMahmood, M. H. , [comp.] aCensus 51 ; vNo. 30B (1).